| 000 | 00630nam a22001817a 4500 | ||
|---|---|---|---|
| 999 |
_c187760 _d187760 |
||
| 005 | 20220428151104.0 | ||
| 010 | _aENG-132454 | ||
| 020 |
_a9789385616358 _c295.00 |
||
| 035 | _aEN-115986 | ||
| 037 | _bDBAD/PUB | ||
| 082 | _a610.73 | ||
| 100 | _aPrasad, B.Reddy | ||
| 245 |
_aEnglish: _bFirst Year B.Sc. Nursing/ _cB.Reddy Prasad |
||
| 260 |
_aVijayawada _bVijayam Publications _c2020 |
||
| 270 |
_a#29-2-28,Ramamandiram St,Governerpet,Eluru Road,Vijaywada-2,A.P. _bVijayawada _e517502 _k0866-2432445 _mvijayampublicationtriupati@gmail.com |
||
| 300 |
_a2.195vp. _c24cm.(pbk) |
||
| 942 |
_cEN _h610.73 _2ddc _mPRA |
||